[Event "Teplice Open 2019"]
[Site "Teplice"]
[Date "2019.06.19"]
[Round "5.4"]
[White "Nisipeanu, Liviu-Dieter"]
[Black "Krzyzanowski, Marcin"]
[Result "1/2-1/2"]
[WhiteElo "2667"]
[BlackElo "2510"]
[Annotator "TA"]
[PlyCount "82"]
[EventDate "2019.06.15"]
[EventType "swiss"]
[EventCountry "CZE"]
[SourceTitle "playchess.com"]
[Source "ChessBase"]
[SourceQuality "1"]

{[%evp 12,82,42,13,13,20,14,18,14,20,16,11,6,0,0,0,7,0,10,0,10,0,0,0,9,0,0,0,27,12,13,11,5,8,8,8,22,0,0,0,0,0,89,80,87,39,33,33,37,34,43,0,0,0,0,0,0,0,0,0,0,0,0,0,0,0,0,0,0,0,0,0,0]} 1. e4 e5 2. Nf3 Nc6 3. Bb5 a6 4. Ba4 d6 5. c3 g6 6. d4 Bd7 7. dxe5 Nxe5 {C76: Ruy Lopez: Deferred Steinitz: 5 c3 Bd7 6 d4 g6} (7... dxe5 8. O-O Bg7 9. Bg5 f6 10. Be3 Nh6 11. Bc5 Bf8 12. Bxf8 Kxf8 13. Qd2 Nf7 14. Rd1 Be8 15. Qxd8 Ncxd8 16. Bxe8 Kxe8 17. Nbd2 Nd6 18. Ne1 a5 {½-½ (29) Harikrishna,P (2744)-Mamedyarov,S (2799) Riadh 2017}) 8. Nxe5 dxe5 9. O-O Bxa4 10. Qxa4+ Qd7 11. Qb3 Qb5 $146 ({Predecessor:} 11... O-O-O 12. Na3 Bc5 13. Bg5 f6 14. Rad1 Bd6 15. Be3 {½-½ (41) Mikadze,M (2245)-Shamatava,A (2054) Ureki 2015}) 12. Na3 Qxb3 13. axb3 Bxa3 14. Rxa3 Nf6 15. Ra5 Nd7 $1 16. f4 exf4 17. Bxf4 c6 18. Bg5 h6 19. Bh4 O-O 20. Rd1 b6 21. Ra4 $36 {[%mdl 2048] White fights for an advantage.} Nc5 22. Rb4 Rab8 23. Bf6 Rb7 24. e5 Nd7 25. Rd6 c5 26. Rh4 Kh7 {[#]} (26... Nxf6 $11 {keeps the balance.} 27. exf6 Rbb8) 27. Bg5 $1 $16 h5 28. e6 fxe6 29. Rxe6 Rf5 30. Re7+ Kg8 31. Bd2 (31. Bh6 {is interesting.} Rf7 32. Re6 Kh7 33. Rf4 Ne5 34. Rxe5 Kxh6 35. Rxf7 Rxf7 36. Re6) 31... Re5 {The position is equal.} 32. Rxe5 Nxe5 $11 {[%mdl 4096] Endgame KRB-KRN} 33. Re4 Nd3 34. Kf1 Kf7 35. Ke2 Rd7 36. Bg5 b5 37. c4 b4 38. Re3 Nc1+ 39. Ke1 {[#] Hoping for Rf3+.} Nd3+ 40. Ke2 Nc1+ 41. Ke1 {And now Rf3+ would win.} Nd3+ {Accuracy: White = 61%, Black = 73%.} 1/2-1/2

[Event "Teplice Open 2019"]
[Site "Teplice"]
[Date "2019.06.19"]
[Round "5.5"]
[White "Warmerdam, Max"]
[Black "Tari, Aryan"]
[Result "1/2-1/2"]
[WhiteElo "2475"]
[BlackElo "2623"]
[Annotator "RC"]
[PlyCount "83"]
[EventDate "2019.06.15"]
[EventType "swiss"]
[EventCountry "CZE"]
[SourceTitle "playchess.com"]
[Source "ChessBase"]
[SourceQuality "1"]
[TimeControl "40/5400+30:1800+30"]

1. e4 {[%emt 0:00:00]} c5 {[%emt 0:00:00]} 2. Nf3 {[%emt 0:00:00]} Nc6 {[%emt 0:00:00]} 3. d4 {[%emt 0:00:00]} cxd4 {[%emt 0:00:00]} 4. Nxd4 {[%emt 0:00:00]} Nf6 {[%emt 0:00:02]} 5. Nc3 {[%emt 0:00:00]} e5 {[%emt 0:00:04]} 6. Ndb5 {[%emt 0:00:00]} d6 {[%emt 0:00:05]} 7. Nd5 {[%emt 0:00:00]} Nxd5 {[%emt 0:00:28]} 8. exd5 {[%emt 0:00:04]} Nb8 {[%emt 0:00:18]} 9. c4 {[%emt 0:00:50]} Be7 {[%emt 0:01:30]} 10. c5 {[%emt 0:00:10]} O-O {[%emt 0:03:11]} 11. Bd3 {[%emt 0:00:41]} Na6 {[%emt 0:08:15]} 12. cxd6 {[%emt 0:00:06]} Bxd6 {[%emt 0:00:12]} 13. O-O {[%emt 0:00:06]} Nc7 {[%emt 0:05:01]} 14. Bg5 {[%emt 0:35:22]} Qxg5 {[%emt 0:07:54]} 15. Nxd6 {[%emt 0:00:28]} Ne8 {[%emt 0:03:24]} 16. Nc4 {[%emt 0:15:55]} b5 {[%emt 0:04:48]} 17. Na5 {[%emt 0:02:43]} Nd6 {[%emt 0:02:56]} 18. Qc1 {[%emt 0:02:35]} Qf6 {[%emt 0:03:05]} 19. Qc5 {[%emt 0:03:29]} a6 {[%emt 0:09:42]} 20. Rfe1 {[%emt 0:04:14]} Bd7 {[%emt 0:04:34]} 21. Nc6 {[%emt 0:02:00]} Rac8 {[%emt 0:05:11]} 22. a4 {[%emt 0:04:34]} e4 {[%emt 0:01:36]} 23. Bf1 {[%emt 0:01:18]} Nb7 {[%emt 0:04:36]} 24. Qe7 {[%emt 0:10:12]} Bxc6 {[%emt 0:15:24]} 25. Qxf6 {[%emt 0:00:09]} gxf6 {[%emt 0:00:04]} 26. dxc6 {[%emt 0:00:05]} Rxc6 {[%emt 0:00:27]} 27. axb5 {[%emt 0:00:41]} axb5 {[%emt 0:00:02]} 28. Rxe4 {[%emt 0:00:34]} Nd6 {[%emt 0:00:11]} 29. Rg4+ {[%emt 0:01:18]} Kh8 {[%emt 0:00:01]} 30. Rd1 {[%emt 0:02:56]} Re8 {[%emt 0:02:14]} 31. Rgd4 {[%emt 0:01:46]} Re6 {[%emt 0:00:55]} 32. g3 {[%emt 0:00:19]} Kg7 {[%emt 0:01:13]} 33. Bg2 {[%emt 0:02:08]} Rb6 {[%emt 0:00:11]} 34. Bd5 {[%emt 0:01:33]} Re5 {[%emt 0:01:17]} 35. Ra1 {[%emt 0:03:50]} f5 {[%emt 0:03:54]} 36. Ra7 {[%emt 0:02:51]} Kf6 {[%emt 0:00:02]} 37. b4 {[%emt 0:02:10]} h6 {[%emt 0:00:37]} 38. Bf3 {[%emt 0:01:02]} Re7 {[%emt 0:00:53]} 39. Ra8 {[%emt 0:00:21]} Ne4 {[%emt 0:01:09]} 40. Rd5 {[%emt 0:02:38]} Ng5 {[%emt 0:08:52]} 41. Bh5 {[%emt 0:04:56]} Ne4 {[%emt 0:07:09]} 42. Bf3 {[%emt 0:23:04] Ke5} 1/2-1/2

[Event "Teplice Open 2019"]
[Site "Teplice"]
[Date "2019.06.19"]
[Round "5.6"]
[White "Santos Latasa, Jaime"]
[Black "Gumularz, Szymon"]
[Result "1/2-1/2"]
[WhiteElo "2588"]
[BlackElo "2495"]
[Annotator "ChessBase"]
[PlyCount "169"]
[EventDate "2019.06.15"]
[EventType "swiss"]
[EventCountry "CZE"]
[SourceTitle "playchess.com"]
[Source "ChessBase"]
[SourceQuality "1"]
[TimeControl "40/5400+30:1800+30"]

1. d4 {[%emt 0:00:00]} Nf6 {[%emt 0:00:00]} 2. c4 {[%emt 0:00:00]} e6 {[%emt 0:00:00]} 3. Nc3 {[%emt 0:00:00]} Bb4 {[%emt 0:00:00]} 4. e3 {[%emt 0:00:00]} O-O {[%emt 0:00:13]} 5. Nge2 {[%emt 0:00:00]} c6 {[%emt 0:00:49]} 6. a3 {[%emt 0:00:14]} Ba5 {[%emt 0:00:05]} 7. c5 {[%emt 0:00:07]} d5 {[%emt 0:01:14]} 8. cxd6 {[%emt 0:00:10]} Qxd6 {[%emt 0:00:07]} 9. b4 {[%emt 0:00:05]} Bc7 {[%emt 0:00:04]} 10. g3 {[%emt 0:00:05]} Qe7 {[%emt 0:04:00]} 11. Bg2 {[%emt 0:00:25]} e5 {[%emt 0:00:50]} 12. O-O {[%emt 0:01:31]} e4 {[%emt 0:06:16]} 13. Qc2 {[%emt 0:03:58]} Bf5 {[%emt 0:06:19]} 14. b5 {[%emt 0:06:39]} Nbd7 {[%emt 0:03:54]} 15. bxc6 {[%emt 0:01:50]} bxc6 {[%emt 0:00:17]} 16. Bd2 {[%emt 0:00:05]} Rac8 {[%emt 0:03:24]} 17. Rfb1 {[%emt 0:02:44]} h5 {[%emt 0:21:17]} 18. Rb7 {[%emt 0:02:27]} Bb8 {[%emt 0:00:23]} 19. Na4 {[%emt 0:05:32]} Qe6 {[%emt 0:01:39]} 20. Nc5 {[%emt 0:10:18]} Nxc5 {[%emt 0:01:24]} 21. dxc5 {[%emt 0:00:09]} Be5 {[%emt 0:17:13]} 22. Bc3 {[%emt 0:09:09]} Bh3 {[%emt 0:06:03]} 23. Bxe5 {[%emt 0:03:22]} Qxe5 {[%emt 0:00:09]} 24. Qb2 {[%emt 0:02:54]} Qxb2 {[%emt 0:00:44]} 25. Rxb2 {[%emt 0:00:08]} Bxg2 {[%emt 0:00:05]} 26. Kxg2 {[%emt 0:00:11]} Nd7 {[%emt 0:00:07]} 27. Rc1 {[%emt 0:00:42]} Rb8 {[%emt 0:03:56]} 28. Rb4 {[%emt 0:00:48]} Rxb4 {[%emt 0:08:36]} 29. axb4 {[%emt 0:00:32]} Ne5 {[%emt 0:01:05]} 30. Nd4 {[%emt 0:01:28]} a6 {[%emt 0:06:48]} 31. Ra1 {[%emt 0:02:18]} Ra8 {[%emt 0:00:11]} 32. b5 {[%emt 0:05:00]} cxb5 {[%emt 0:01:04]} 33. Nxb5 {[%emt 0:00:06]} Rc8 {[%emt 0:05:38]} 34. Rxa6 {[%emt 0:00:51]} Rxc5 {[%emt 0:01:09]} 35. Nd6 {[%emt 0:00:10]} Rc2 {[%emt 0:00:35]} 36. Nxe4 {[%emt 0:05:00]} Ng4 {[%emt 0:00:45]} 37. Ra3 {[%emt 0:00:57]} f5 {[%emt 0:00:58]} 38. h3 {[%emt 0:00:19]} Nxe3+ {[%emt 0:00:28]} 39. Rxe3 {[%emt 0:00:07]} fxe4 {[%emt 0:00:01]} 40. Rxe4 {[%emt 0:00:08]} Kf7 {[%emt 0:00:49]} 41. Kf3 {[%emt 0:32:32]} g6 {[%emt 0:30:07]} 42. Re5 {[%emt 0:00:28]} Kf6 {[%emt 0:00:00]} 43. Rd5 {[%emt 0:00:00]} Ra2 {[%emt 0:00:00]} 44. Rd6+ {[%emt 0:00:00]} Kg7 {[%emt 0:00:00]} 45. Ke3 {[%emt 0:00:00]} Rb2 {[%emt 0:00:00]} 46. g4 {[%emt 0:00:00]} hxg4 {[%emt 0:00:00]} 47. hxg4 {[%emt 0:00:00]} Rb4 {[%emt 0:00:00]} 48. Rd4 {[%emt 0:00:00]} Rb5 {[%emt 0:00:00]} 49. f4 {[%emt 0:00:00]} Rb1 {[%emt 0:00:00]} 50. Rd7+ {[%emt 0:00:00]} Kg8 {[%emt 0:00:00]} 51. Ra7 {[%emt 0:00:00]} Rb4 {[%emt 0:00:00]} 52. Kf3 {[%emt 0:00:00]} Rc4 {[%emt 0:00:00]} 53. Kg3 {[%emt 0:00:00]} Rb4 {[%emt 0:00:00]} 54. Rd7 {[%emt 0:00:00]} Ra4 {[%emt 0:00:00]} 55. Kf3 {[%emt 0:00:00]} Rb4 {[%emt 0:00:00]} 56. g5 {[%emt 0:00:00]} Ra4 {[%emt 0:00:00]} 57. Ke3 {[%emt 0:00:00]} Rb4 {[%emt 0:00:00]} 58. Rd4 {[%emt 0:00:00]} Rb1 {[%emt 0:00:00]} 59. Rd8+ {[%emt 0:00:00]} Kf7 {[%emt 0:00:00]} 60. Rd7+ {[%emt 0:00:00]} Kg8 {[%emt 0:00:00]} 61. Ke4 {[%emt 0:00:00]} Re1+ {[%emt 0:00:00]} 62. Kd5 {[%emt 0:00:00]} Re2 {[%emt 0:00:00]} 63. Ra7 {[%emt 0:00:00]} Re1 {[%emt 0:00:00]} 64. Ra6 {[%emt 0:00:00]} Kg7 {[%emt 0:00:00]} 65. Re6 {[%emt 0:00:00]} Rf1 {[%emt 0:00:00]} 66. Ke5 {[%emt 0:00:00]} Re1+ {[%emt 0:00:00]} 67. Kd6 {[%emt 0:00:00]} Rd1+ {[%emt 0:00:00]} 68. Kc5 {[%emt 0:00:00]} Rc1+ {[%emt 0:00:00]} 69. Kd4 {[%emt 0:00:00]} Rd1+ {[%emt 0:00:00]} 70. Ke5 {[%emt 0:00:00]} Re1+ {[%emt 0:00:00]} 71. Kd6 {[%emt 0:00:00]} Rd1+ {[%emt 0:00:00]} 72. Ke7 {[%emt 0:00:00]} Rd4 {[%emt 0:00:00]} 73. Rf6 {[%emt 0:00:00]} Re4+ {[%emt 0:00:00]} 74. Kd6 {[%emt 0:00:00]} Ra4 {[%emt 0:00:00]} 75. Ke5 {[%emt 0:00:00]} Ra5+ {[%emt 0:00:00]} 76. Ke4 {[%emt 0:00:00]} Ra4+ {[%emt 0:00:00]} 77. Kf3 {[%emt 0:00:00]} Rb4 {[%emt 0:00:00]} 78. Rd6 {[%emt 0:00:00]} Ra4 {[%emt 0:00:00]} 79. Rd7+ {[%emt 0:00:00]} Kg8 {[%emt 0:00:00]} 80. Ke3 {[%emt 0:00:00]} Rb4 {[%emt 0:00:00]} 81. Rd4 {[%emt 0:00:00]} Rb1 {[%emt 0:00:19]} 82. Rd8+ {[%emt 0:00:00]} Kg7 {[%emt 0:00:08]} 83. Rd7+ {[%emt 0:00:00]} Kg8 {[%emt 0:00:06]} 84. Rd8+ {[%emt 0:00:00]} Kg7 {[%emt 0:00:04]} 85. Rd7+ {[%emt 0:00:03]} 1/2-1/2

[Event "Teplice Open 2019"]
[Site "Teplice"]
[Date "2019.06.19"]
[Round "5.7"]
[White "Romanov, Evgeny"]
[Black "Cernousek, Lukas"]
[Result "1-0"]
[WhiteElo "2577"]
[BlackElo "2466"]
[Annotator "ChessBase"]
[PlyCount "79"]
[EventDate "2019.06.15"]
[EventType "swiss"]
[EventCountry "CZE"]
[SourceTitle "playchess.com"]
[Source "ChessBase"]
[SourceQuality "1"]
[TimeControl "40/5400+30:1800+30"]

1. c4 {[%emt 0:06:30]} c5 {[%emt 0:00:00]} 2. Nf3 {[%emt 0:00:20]} Nf6 {[%emt 0:00:00]} 3. Nc3 {[%emt 0:00:16]} d5 {[%emt 0:00:00]} 4. cxd5 {[%emt 0:00:19]} Nxd5 {[%emt 0:00:00]} 5. e4 {[%emt 0:00:11]} Nb4 {[%emt 0:00:29]} 6. Bc4 {[%emt 0:00:10]} Nd3+ {[%emt 0:00:14]} 7. Ke2 {[%emt 0:00:09]} Nf4+ {[%emt 0:00:08]} 8. Kf1 {[%emt 0:00:07]} Nd3 {[%emt 0:00:06]} 9. Ke2 {[%emt 0:00:34]} Nf4+ {[%emt 0:00:07]} 10. Kf1 {[%emt 0:00:03]} Nd3 {[%emt 0:00:07]} 11. Qe2 {[%emt 0:00:09]} Nxc1 {[%emt 0:00:10]} 12. Rxc1 {[%emt 0:00:06]} e6 {[%emt 0:00:09]} 13. Bb5+ {[%emt 0:00:36]} Nd7 {[%emt 0:07:27]} 14. e5 {[%emt 0:00:56]} a6 {[%emt 0:09:03]} 15. Bd3 {[%emt 0:01:21]} Nb6 {[%emt 0:15:42]} 16. Be4 {[%emt 0:05:33]} Nd5 {[%emt 0:00:25]} 17. Qd3 {[%emt 0:04:28]} Nxc3 {[%emt 0:02:37]} 18. Qxc3 {[%emt 0:02:41]} Qb6 {[%emt 0:11:50]} 19. g3 {[%emt 0:19:20]} Bd7 {[%emt 0:21:43]} 20. Kg2 {[%emt 0:00:47]} Be7 {[%emt 0:00:07]} 21. d4 {[%emt 0:05:36]} Rc8 {[%emt 0:15:18]} 22. Rhd1 {[%emt 0:12:25]} O-O {[%emt 0:01:14]} 23. dxc5 {[%emt 0:09:13]} Rxc5 {[%emt 0:00:02]} 24. Bxh7+ {[%emt 0:00:08]} Kxh7 {[%emt 0:00:27]} 25. Qd3+ {[%emt 0:00:12]} Kg8 {[%emt 0:00:12]} 26. Qxd7 {[%emt 0:01:04]} Rxc1 {[%emt 0:01:27]} 27. Rxc1 {[%emt 0:00:02]} Qxb2 {[%emt 0:00:19]} 28. Rc7 {[%emt 0:01:16]} Ba3 {[%emt 0:10:41]} 29. Qd3 {[%emt 0:08:38]} Qxa2 {[%emt 0:03:46]} 30. Rc2 {[%emt 0:00:08]} Qa1 {[%emt 0:00:34]} 31. Ng5 {[%emt 0:14:13]} g6 {[%emt 0:00:00]} 32. Nxe6 {[%emt 0:03:25]} Re8 {[%emt 0:00:12]} 33. Nf4 {[%emt 0:00:26]} Rxe5 {[%emt 0:00:59]} 34. Rc8+ {[%emt 0:00:41]} Kh7 {[%emt 0:00:27]} 35. Qd8 {[%emt 0:02:35]} Re7 {[%emt 0:00:45]} 36. Nd5 {[%emt 0:00:59]} Qe5 {[%emt 0:00:03]} 37. Nxe7 {[%emt 0:00:54]} Qe4+ {[%emt 0:00:33]} 38. Kh3 {[%emt 0:00:21]} Qe6+ {[%emt 0:00:33]} 39. g4 {[%emt 0:00:21]} Qb3+ {[%emt 0:00:06]} 40. Kg2 {[%emt 0:00:10]} 1-0

[Event "Teplice Open 2019"]
[Site "Teplice"]
[Date "2019.06.19"]
[Round "5.8"]
[White "Rubes, Jan"]
[Black "Epishin, Vladimir"]
[Result "0-1"]
[WhiteElo "2352"]
[BlackElo "2564"]
[Annotator "RC"]
[PlyCount "140"]
[EventDate "2019.06.15"]
[EventType "swiss"]
[EventCountry "CZE"]
[SourceTitle "playchess.com"]
[Source "ChessBase"]
[SourceQuality "1"]
[TimeControl "40/5400+30:1800+30"]

1. d4 {[%emt 0:00:00]} Nf6 {[%emt 0:01:21]} 2. c4 {[%emt 0:00:00]} d6 {[%emt 0:00:31]} 3. Nf3 {[%emt 0:01:25]} g6 {[%emt 0:04:09]} 4. g3 {[%emt 0:00:09]} Bg7 {[%emt 0:00:22]} 5. Bg2 {[%emt 0:00:05]} c6 {[%emt 0:00:16]} 6. Nc3 {[%emt 0:00:31]} Bf5 {[%emt 0:00:23]} 7. Nh4 {[%emt 0:05:02]} Be6 {[%emt 0:00:30]} 8. d5 {[%emt 0:00:06]} cxd5 {[%emt 0:01:59]} 9. cxd5 {[%emt 0:00:12]} Bd7 {[%emt 0:01:10]} 10. O-O {[%emt 0:00:07]} a5 {[%emt 0:01:38]} 11. Be3 {[%emt 0:02:57]} b5 {[%emt 0:06:01]} 12. Bd4 {[%emt 0:06:30]} O-O {[%emt 0:00:17]} 13. e4 {[%emt 0:23:56]} b4 {[%emt 0:02:12]} 14. Ne2 {[%emt 0:01:47]} Bb5 {[%emt 0:02:13]} 15. a4 {[%emt 0:03:34]} Ba6 {[%emt 0:04:22]} 16. Re1 {[%emt 0:00:55]} Nbd7 {[%emt 0:00:06]} 17. Nc1 {[%emt 0:02:10]} Rc8 {[%emt 0:02:24]} 18. Nb3 {[%emt 0:01:57]} Bc4 {[%emt 0:02:52]} 19. Rc1 {[%emt 0:08:03]} Bxb3 {[%emt 0:05:23]} 20. Qxb3 {[%emt 0:00:04]} Rxc1 {[%emt 0:03:32]} 21. Rxc1 {[%emt 0:00:03]} Nxe4 {[%emt 0:00:18]} 22. Bxg7 {[%emt 0:02:30]} Nec5 {[%emt 0:00:08]} 23. Qe3 {[%emt 0:00:46]} Kxg7 {[%emt 0:00:11]} 24. Re1 {[%emt 0:02:28]} e5 {[%emt 0:06:17]} 25. dxe6 {[%emt 0:00:08]} Nxe6 {[%emt 0:00:07]} 26. Bd5 {[%emt 0:13:50]} Ndc5 {[%emt 0:00:34]} 27. Ng2 {[%emt 0:02:11]} Qf6 {[%emt 0:04:21]} 28. Qd2 {[%emt 0:00:37]} Re8 {[%emt 0:06:42]} 29. Ne3 {[%emt 0:00:30]} Nc7 {[%emt 0:02:35]} 30. Bc6 {[%emt 0:00:25]} Re6 {[%emt 0:01:13]} 31. Rd1 {[%emt 0:00:07]} Nb3 {[%emt 0:10:02]} 32. Qc2 {[%emt 0:03:55]} Nd4 {[%emt 0:00:50]} 33. Qc4 {[%emt 0:00:04]} Nxc6 {[%emt 0:07:19]} 34. Qxc6 {[%emt 0:00:04]} Ne8 {[%emt 0:00:10]} 35. b3 {[%emt 0:06:06]} Qb2 {[%emt 0:01:58]} 36. Qc2 {[%emt 0:00:04]} Qxc2 {[%emt 0:06:45]} 37. Nxc2 {[%emt 0:00:23]} Nf6 {[%emt 0:00:04]} 38. Nd4 {[%emt 0:01:02]} Re5 {[%emt 0:00:46]} 39. Nb5 {[%emt 0:01:14]} Ne4 {[%emt 0:04:43]} 40. Nxd6 {[%emt 0:00:40]} Nc3 {[%emt 0:02:46]} 41. Nc4 {[%emt 0:31:05]} Rc5 {[%emt 0:30:22]} 42. Rd7 {[%emt 0:08:08]} Nxa4 {[%emt 0:00:43]} 43. Nxa5 {[%emt 0:00:00]} Rxa5 {[%emt 0:00:00]} 44. bxa4 {[%emt 0:00:00]} Rxa4 {[%emt 0:00:00]} 45. Rb7 {[%emt 0:00:00]} Kf6 {[%emt 0:00:00]} 46. Kg2 {[%emt 0:00:00]} h5 {[%emt 0:00:00]} 47. h4 {[%emt 0:00:00]} Ke6 {[%emt 0:00:00]} 48. Kf3 {[%emt 0:00:00]} f6 {[%emt 0:00:00]} 49. Ke4 {[%emt 0:01:29]} Kd6 {[%emt 0:00:00]} 50. Kd4 {[%emt 0:00:19]} b3+ {[%emt 0:00:00]} 51. Kc3 {[%emt 0:02:46]} Ra2 {[%emt 0:00:00]} 52. Rxb3 {[%emt 0:00:03]} Rxf2 {[%emt 0:00:00]} 53. Kd4 {[%emt 0:00:07]} Re2 {[%emt 0:00:00]} 54. Rb7 {[%emt 0:01:38]} Ke6 {[%emt 0:00:00]} 55. Rb5 {[%emt 0:01:14]} Re1 {[%emt 0:00:00]} 56. Ra5 {[%emt 0:00:13]} Re5 {[%emt 0:00:00]} 57. Ra3 {[%emt 0:00:04]} g5 {[%emt 0:00:00]} 58. hxg5 {[%emt 0:00:12]} fxg5 {[%emt 0:00:00]} 59. Rf3 {[%emt 0:00:27]} Ra5 {[%emt 0:00:00]} 60. Rf8 {[%emt 0:02:23]} Ra3 {[%emt 0:00:00]} 61. Rh8 {[%emt 0:00:17]} Kf5 {[%emt 0:00:00]} 62. Rxh5 {[%emt 0:00:06]} Kg4 {[%emt 0:00:00]} 63. Rh1 {[%emt 0:00:07]} Kxg3 {[%emt 0:00:00]} 64. Ke4 {[%emt 0:00:38]} g4 {[%emt 0:00:00]} 65. Rg1+ {[%emt 0:00:57]} Kh3 {[%emt 0:00:00]} 66. Kf4 {[%emt 0:00:16]} g3 {[%emt 0:00:00]} 67. Rh1+ {[%emt 0:00:16]} Kg2 {[%emt 0:00:00]} 68. Rb1 {[%emt 0:00:05]} Kh2 {[%emt 0:00:00]} 69. Rb8 {[%emt 0:00:23]} g2 {[%emt 0:00:00]} 70. Rh8+ {[%emt 0:00:13]} Rh3 {[%emt 0:00:00]} 0-1

[Event "Teplice Open 2019"]
[Site "Teplice"]
[Date "2019.06.19"]
[Round "5.9"]
[White "Plat, Vojtech"]
[Black "Kett, Tim"]
[Result "1-0"]
[WhiteElo "2547"]
[BlackElo "2197"]
[Annotator "ChessBase"]
[PlyCount "51"]
[EventDate "2019.06.15"]
[EventType "swiss"]
[EventCountry "CZE"]
[SourceTitle "playchess.com"]
[Source "ChessBase"]
[SourceQuality "1"]
[TimeControl "40/5400+30:1800+30"]

1. d4 {[%emt 0:00:00]} Nf6 {[%emt 0:04:06]} 2. c4 {[%emt 0:00:00]} g6 {[%emt 0:00:05]} 3. g3 {[%emt 0:00:00]} Bg7 {[%emt 0:00:05]} 4. Bg2 {[%emt 0:00:00]} O-O {[%emt 0:00:07]} 5. Nc3 {[%emt 0:00:00]} d6 {[%emt 0:00:07]} 6. Nf3 {[%emt 0:00:00]} Nbd7 {[%emt 0:00:09]} 7. O-O {[%emt 0:00:31]} e5 {[%emt 0:00:10]} 8. Be3 {[%emt 0:00:17]} Ng4 {[%emt 0:04:05]} 9. Bg5 {[%emt 0:00:04]} f6 {[%emt 0:00:54]} 10. Bc1 {[%emt 0:00:03]} Kh8 {[%emt 0:14:43]} 11. h3 {[%emt 0:05:10]} Nh6 {[%emt 0:01:11]} 12. dxe5 {[%emt 0:01:02]} Nxe5 {[%emt 0:01:24]} 13. Nxe5 {[%emt 0:01:50]} fxe5 {[%emt 0:00:14]} 14. c5 {[%emt 0:01:21]} Nf5 {[%emt 0:02:26]} 15. cxd6 {[%emt 0:04:39]} cxd6 {[%emt 0:00:08]} 16. Ne4 {[%emt 0:00:24]} d5 {[%emt 0:05:02]} 17. Bg5 {[%emt 0:00:09]} Qa5 {[%emt 0:08:54]} 18. b4 {[%emt 0:07:42]} Qxb4 {[%emt 0:00:13]} 19. Qxd5 {[%emt 0:00:05]} Nd4 {[%emt 0:01:44]} 20. e3 {[%emt 0:03:53]} Ne2+ {[%emt 0:17:55]} 21. Kh2 {[%emt 0:00:06]} Nc3 {[%emt 0:00:36]} 22. Nxc3 {[%emt 0:02:01]} Qxc3 {[%emt 0:00:06]} 23. Be7 {[%emt 0:01:38]} Re8 {[%emt 0:08:02]} 24. Rac1 {[%emt 0:00:47]} Qb2 {[%emt 0:00:16]} 25. Qf7 {[%emt 0:00:25]} Bf5 {[%emt 0:01:19]} 26. Bf6 {[%emt 0:00:03]} 1-0

[Event "Teplice Open 2019"]
[Site "Teplice"]
[Date "2019.06.19"]
[Round "5.10"]
[White "Dragnev, Valentin"]
[Black "Mazur, Stefan"]
[Result "1-0"]
[WhiteElo "2521"]
[BlackElo "2426"]
[Annotator "ChessBase"]
[PlyCount "77"]
[EventDate "2019.06.15"]
[EventType "swiss"]
[EventCountry "CZE"]
[SourceTitle "playchess.com"]
[Source "ChessBase"]
[SourceQuality "1"]
[TimeControl "40/5400+30:1800+30"]

1. d4 {[%emt 0:00:00]} Nf6 {[%emt 0:00:00]} 2. c4 {[%emt 0:00:00]} g6 {[%emt 0:00:26]} 3. Nc3 {[%emt 0:00:00]} Bg7 {[%emt 0:00:09]} 4. e4 {[%emt 0:00:00]} d6 {[%emt 0:00:08]} 5. f3 {[%emt 0:00:01]} O-O {[%emt 0:00:31]} 6. Be3 {[%emt 0:00:03]} c5 {[%emt 0:00:17]} 7. Nge2 {[%emt 0:00:13]} Nc6 {[%emt 0:00:26]} 8. d5 {[%emt 0:00:04]} Ne5 {[%emt 0:01:41]} 9. Ng3 {[%emt 0:00:06]} h5 {[%emt 0:00:40]} 10. Be2 {[%emt 0:00:08]} h4 {[%emt 0:00:11]} 11. Nf1 {[%emt 0:00:04]} e6 {[%emt 0:00:14]} 12. Bg5 {[%emt 0:00:03]} exd5 {[%emt 0:02:03]} 13. Nxd5 {[%emt 0:00:45]} Be6 {[%emt 0:00:16]} 14. Bxh4 {[%emt 0:00:50]} Bxd5 {[%emt 0:00:14]} 15. cxd5 {[%emt 0:03:11]} c4 {[%emt 0:00:13]} 16. Bf2 {[%emt 0:32:36]} Nh5 {[%emt 0:05:22]} 17. g3 {[%emt 0:12:46]} f5 {[%emt 0:31:27]} 18. Nd2 {[%emt 0:09:12]} fxe4 {[%emt 0:05:24]} 19. Nxe4 {[%emt 0:00:29]} Qa5+ {[%emt 0:05:31]} 20. Kf1 {[%emt 0:01:49]} Nf6 {[%emt 0:04:01]} 21. Nc3 {[%emt 0:09:04]} Nfg4 {[%emt 0:07:54]} 22. Ne4 {[%emt 0:10:31]} Nxf2 {[%emt 0:12:55]} 23. Nxf2 {[%emt 0:00:05]} Nxf3 {[%emt 0:14:11]} 24. Bxf3 {[%emt 0:01:56]} Rxf3 {[%emt 0:00:36]} 25. Qxf3 {[%emt 0:04:50]} Rf8 {[%emt 0:00:13]} 26. Qd1 {[%emt 0:11:49]} Qc5 {[%emt 0:01:48]} 27. Qc2 {[%emt 0:00:14]} Bd4 {[%emt 0:05:32]} 28. Qxg6+ {[%emt 0:00:02]} Bg7 {[%emt 0:00:27]} 29. Qc2 {[%emt 0:01:41]} Bd4 {[%emt 0:00:05]} 30. Qg6+ {[%emt 0:00:12]} Bg7 {[%emt 0:00:05]} 31. Kg2 {[%emt 0:00:57]} Qxf2+ {[%emt 0:00:58]} 32. Kh3 {[%emt 0:00:01]} Rf6 {[%emt 0:00:08]} 33. Qe8+ {[%emt 0:00:27]} Bf8 {[%emt 0:00:19]} 34. Raf1 {[%emt 0:01:00]} Rh6+ {[%emt 0:00:14]} 35. Kg4 {[%emt 0:00:02]} Qd4+ {[%emt 0:01:52]} 36. Rf4 {[%emt 0:00:06]} Qg7+ {[%emt 0:00:37]} 37. Kf3 {[%emt 0:00:21]} Rf6 {[%emt 0:00:10]} 38. Re1 {[%emt 0:00:58]} Rxf4+ {[%emt 0:00:14]} 39. gxf4 {[%emt 0:00:48]} 1-0